[Event "Narbonne op 10th"]
[Site "Narbonne"]
[Date "2008.??.??"]
[Round "2"]
[White "Jager, Michel"]
[Black "Bergez, Luc"]
[Result "0-1"]
[WhiteElo "1830"]
[BlackElo "2370"]
[PlyCount "54"]
[EventDate "2008.05.08"]
[EventType "swiss"]
[EventRounds "7"]
[EventCountry "FRA"]
[SourceTitle "CBM 124 Extra"]
[Source "ChessBase"]
[SourceDate "2008.07.03"]
[SourceVersion "1"]
[SourceVersionDate "2008.07.03"]
[SourceQuality "1"]

1. d4 Nf6 2. c4 e6 3. Nc3 Bb4 4. Bd2 0-0 5. e3 c5 6. a3 Bxc3 7. Bxc3 Ne4 8. Bd3 Nxc3 9. bxc3 d6 10. Ne2 e5 11. 0-0 Nc6 12. Rc1 f5 13. d5 Na5 14. Ng3 b6 15. f4 e4 16. Be2 Ba6 17. Qa4 Qe8 18. Qxe8 Raxe8 19. Rfe1 Bxc4 20. Bxc4 Nxc4 21. Ra1 b5 22. Kf2 Rb8 23. Rec1 Rb6 24. Rc2 Ra6 25. Rca2 Ra4 26. Nf1 Rb8 27. Nd2 Nb6 0-1